Actas y memorias.
| Corporate Author: | |
|---|---|
| Format: | Conference Proceeding Book |
| Language: | Spanish English French German |
| Subjects: |
MARC
| Tag | First Indicator | Second Indicator | Subfields |
|---|---|---|---|
| LEADER | 00000cam a2200000 a 4500 | ||
| 001 | in00000018022 | ||
| 005 | 20151007053129.0 | ||
| 008 | 751029s1968 ag abh 10100 spa d | ||
| 035 | |a (OCoLC)01745349 | ||
| 035 | |9 AAB0502AM | ||
| 040 | |a HDC |c HDC |d OCL |d m.c. |d OCL |d TXA |d UtOrBLW | ||
| 041 | 0 | |a spa |a eng |a fre |a ger | |
| 049 | |a TXAM | ||
| 050 | 4 | |a E51 |b .I87 1966 | |
| 111 | 2 | |a International Congress of Americanists |n (37th : |d 1966 : |c Mar del Plata) | |
| 245 | 1 | 0 | |a Actas y memorias. |
| 264 | 2 | |a Buenos Aires : |b Exclusive distributors, Librart S.R.L., |c 1968. | |
| 300 | |a 4 volumes : illustrations, facsims., maps ; |c 26 cm. | ||
| 336 | |a text |b txt |2 rdacontent | ||
| 337 | |a unmediated |b n |2 rdamedia | ||
| 338 | |a volume |b nc |2 rdacarrier | ||
| 500 | |a Contributions in English, French, German, or Spanish. | ||
| 504 | |a Includes bibliographies and indexes. | ||
| 651 | 0 | |a America |x Antiquities |x Congresses. | |
| 650 | 0 | |a Indians. | |
| 650 | 0 | |a Ethnology |z America |x Congresses. | |
| 999 | |a MARS | ||
| 999 | f | f | |s 5ed2965e-af4f-3827-be54-6c0bc6135e55 |i 46ce4a30-6e10-3e55-928a-b5a064191978 |t 0 |
| 952 | f | f | |p ric |a Texas A&M University |b Rellis Campus |c Joint Library Facility |d Remote Storage |t 0 |e E51 .I87 1966 |h Library of Congress classification |i unmediated -- volume |k v.4 |m A14837204551 |
| 952 | f | f | |p ric |a Texas A&M University |b Rellis Campus |c Joint Library Facility |d Remote Storage |t 0 |e E51 .I87 1966 |h Library of Congress classification |i unmediated -- volume |k v.3 |m A14828880829 |
| 952 | f | f | |p ric |a Texas A&M University |b Rellis Campus |c Joint Library Facility |d Remote Storage |t 0 |e E51 .I87 1966 |h Library of Congress classification |i unmediated -- volume |k v.1 |m A14837204543 |
| 952 | f | f | |p ric |a Texas A&M University |b Rellis Campus |c Joint Library Facility |d Remote Storage |t 0 |e E51 .I87 1966 |h Library of Congress classification |i unmediated -- volume |k v.2 |m A14837204519 |
| 998 | f | f | |a E51 .I87 1966 |s v.1-4 |t 0 |l Remote Storage |